000
00359nam a2200169Ia 4500
003
0100
008
130303s9999 xx 000 0 und d
040
_c
ARRUPELIB
050
_a
HX533.C34 1985
100
_a
Callinicos, Alex
245
_a
Marxism and philosophy
260
_a
NY
260
_b
Oxford UP
260
_C
1983
300
_a
177p
942
0
0
_0
1
999
_c
24573
_d
24573